000 00458nam a2200157Ia 4500
008 241206s9999||||xx |||||||||||||| ||und||
020 _a9780130932242
_c0
040 _beng
_cSSK Library
_erda
082 _a621.3192/MER
100 _a Russel M. Mersereau, Joel R. Jackson
245 0 _aCircuit Analysis:A Systems Approach
260 _b Pearson Education
_c©2006
942 _2Dewey Decimal Classification
_cBOOK
_nNo
999 _c15839
_d15839
003 OSt
005 20241206223234.0